| 000 | 01142nam a2200361Ia 4500 | ||
|---|---|---|---|
| 001 | dia_5962 | ||
| 003 | CHAP | ||
| 005 | 20251023172258.0 | ||
| 008 | 220117s2006 xx 000 0 und d | ||
| 010 | _a177114 | ||
| 020 | _a978-970-731-136-7 | ||
| 040 | _cCHAP | ||
| 082 | _a808.839352042 G65 M46 2006 | ||
| 100 |
_aGolden, Arthur _9160253 |
||
| 245 |
_aMemorias de una geisha / _c Arthur Golden ; traducción Pilar Vázquez |
||
| 260 |
_aMéxico : _b Santillana Ediciones, _c2006 |
||
| 300 | _a660 p. | ||
| 440 |
_aPunto de lectura ; 58 _9160254 |
||
| 500 | _aTítulo original: Memoirs of a geisha | ||
| 503 | _aC. | ||
| 590 | _aPS3557.O33 M46 2006 | ||
| 650 | 0 |
_aAmerican literature _y20th century _9153260 |
|
| 650 |
_aFiction _9152751 |
||
| 650 | 0 |
_aLiteratura americana _ySiglo XX _9153261 |
|
| 650 |
_aMujer _xJapón _xNovela _9160255 |
||
| 650 |
_aNovela _982011 |
||
| 650 |
_aWomen _xJapan _xFiction _9160256 |
||
| 700 |
_aVázquez, Pilar, tr. _9160257 |
||
| 901 | _a808.839352042 G65 M46 2006 | ||
| 902 | _aA | ||
| 905 | _a5232272006 mx x 9222223334spa16 | ||
| 942 |
_cLIBRO _2ddc |
||
| 999 |
_c177114 _d177114 |
||